Entrepreneurship Development & Small Business Enterprises 3rd Ed. (Record no. 19225)

MARC details
000 -LEADER
fixed length control field 00431nam a2200157Ia 4500
008 - FIXED-LENGTH DATA ELEMENTS--GENERAL INFORMATION
fixed length control field 221220s9999 xx 000 0 und d
020 ## - INTERNATIONAL STANDARD BOOK NUMBER
ISBN 978-93-530-6626-0
041 ## - LANGUAGE CODE
Language code of text/sound track or separate title
082 ## - DEWEY DECIMAL CLASSIFICATION NUMBER
Classification number 412
100 ## - MAIN ENTRY--AUTHOR NAME
Personal name P. M. Charantimath
245 #0 - TITLE STATEMENT
Title Entrepreneurship Development & Small Business Enterprises 3rd Ed.
Statement of responsibility, etc by P. M. Charantimath
250 ## - EDITION STATEMENT
Edition statement 3rd
260 ## - PUBLICATION, DISTRIBUTION, ETC. (IMPRINT)
Name of publisher Pearson
Place of publication UP
Year of publication 2022
650 ## - SUBJECT ADDED ENTRY--TOPICAL TERM
Topical Term Management
942 ## - ADDED ENTRY ELEMENTS (KOHA)
Source of classification or shelving scheme
Koha item type Books
Holdings
Accession Number Cost, normal purchase price Bill Date Source of acquisition Price effective from Koha item type Withdrawn / writtenoff status Materials specified (bound volume or other part) Damaged status Not for loan Permanent Location Current Location Shelving location Date acquired Lost/ Missing status department
BBA 186 550.00 46 ABD, Jammu 12/20/2022 Books   Print   Not For Loan MIET Library, Jammu MIET Library, Jammu 173/3     BBA
BBA 187 550.00 46 ABD, Jammu 12/20/2022 Books   Print     MIET Library, Jammu MIET Library, Jammu 189/1     BBA
BBA 188 550.00 46 ABD, Jammu 12/20/2022 Books   Print     MIET Library, Jammu MIET Library, Jammu 189/1     BBA
BBA 189 550.00 46 ABD, Jammu 12/20/2022 Books   Print     MIET Library, Jammu MIET Library, Jammu 189/1     BBA
BBA 190 550.00 46 ABD, Jammu 12/20/2022 Books   Print     MIET Library, Jammu MIET Library, Jammu 189/1     BBA